• 首页
  • 本馆介绍
  • 公告通知
  • 最新文献
  • 馆藏检索
  • 电子资源
  • 读者导购
  • 参考咨询
  • 我的图书馆
  • 登录
  • 详细信息显示
  • 放入我的书架
  • 预约/预借图书
  • 作者相关作品
  • 分类相关作品
  • 丛书相关作品
  • 出版社相关作品

书目信息

  • 表格格式
  • 工作单格式
  • 卡片格式
题名:
自媒体团队实战解密
    
 
作者: 李非黛 著
分册:  
出版信息: 北京   金城出版社  2018
页数: 241页
开本: 24cm
丛书名:
单 册:
中图分类: F713.365.2 , G206.2-64
科图分类:
主题词: 传播媒介--Chuan Bo Mei Jie--网络营销--图解
电子资源:
ISBN: 978-7-5155-1600-4
000 01291cam0 2200313 450
001 012001002750
005 20131030154249.0
010    @a978-7-5155-1600-4@dCNY68.00
092    @aCN@bbk20180108sk-00535
099    @aCAL 012018032043
100    @a20180330d2018 ekmy0chiy50 ea
101 0  @achi
102    @aCN@b110000
105    @aak z 000yy
106    @ar
200 1  @a自媒体团队实战解密@Azi mei ti tuan dui shi zhan jie mi@e7天快速冲刺让运营脱胎换骨@f李非黛著
210    @a北京@c金城出版社@d2018
215    @a241页@c彩图@d24cm
300    @a惠泉文化 全彩图解版
314    @a李非黛, 女, 资深媒体人, 果肉科技创始人、CEO。中国传媒大学、厦门理工大学、闽南师范大学客座教授。
330    @a本书以自媒体的人格化运营为切入点, 通过7天快速建立自媒体整体定位, 拆解所面对人群的痛点及需求全链条, 进一步设计自媒体的风格、功能、服务范围。对自媒体人、自媒体公司、企业自媒体团队来说, 本书可以快速实现标准化团队运营管理、工业化内容生产。
333    @a网络营销人员
517 1  @a7天快速冲刺让运营脱胎换骨@A7 tian kuai su chong ci rang yun ying tuo tai huan gu
606 0  @a传播媒介@AChuan Bo Mei Jie@x网络营销@j图解
690    @aF713.365.2@v5
690    @aG206.2-64@v5
701  0 @a李非黛@Ali fei dai@4著
801    @b江苏凤凰@c20191020
905    @b1230447-52@dF713.365.2@e1124@f6
    
    自媒体团队实战解密:7天快速冲刺让运营脱胎换骨/李非黛著.-北京:金城出版社,2018
    241页:彩图;24cm
    惠泉文化 全彩图解版.-使用对象:网络营销人员
    
    ISBN 978-7-5155-1600-4:CNY68.00
    本书以自媒体的人格化运营为切入点, 通过7天快速建立自媒体整体定位, 拆解所面对人群的痛点及需求全链条, 进一步设计自媒体的风格、功能、服务范围。对自媒体人、自媒体公司、企业自媒体团队来说, 本书可以快速实现标准化团队运营管理、工业化内容生产。
●
相关链接 在E读中查询图书 在五车中查询图书 在当当中查询图书 在豆瓣中查询图书


正题名:自媒体团队实战解密     索取号:F713.365.2/1124         预约/预借

序号 登录号 条形码 馆藏地/架位号 状态 备注
1 1230447   212304479   第一样本阅览室/ [索取号:F713.365.2/1124] 在馆    
2 1230448   212304488   教育系资料室/ [索取号:F713.365.2/1124] 在馆    
3 1230449   212304497   教育系资料室/ [索取号:F713.365.2/1124] 在馆    
4 1230450   212304503   教育系资料室/ [索取号:F713.365.2/1124] 在馆    
5 1230451   212304512   第一借阅区/ [索取号:F713.365.2/1124] 在馆    
6 1230452   212304521   第一借阅区/ [索取号:F713.365.2/1124] 在馆    
唐山师范学院图书馆 欢迎您!
大连网信软件有限公司© 版权所有